Mediterranean Games host cities. - Statistics

General Stats
  • This quiz has been taken 86 times
    47 since last reset
  • The average score is 12 of 20
Answer Stats
Year / Country City or Region % Correct
1955 / Spain Barcelona
89%
1967 / Tunisia Tunis
89%
2001 / Tunis Tunis
89%
1951 / Egypt Alexandria
84%
1959 / Lebanon Beirut
84%
1991 / Greece Athens
82%
1975 / Algeria Algiers
79%
1971 / Turkey Izmir
74%
1963 / Italy Naples
68%
1979 / Yugoslavia Split
63%
1983 / Morocco Casablanca
58%
2022 / Algeria Oran
58%
1997 / Italy Bari
55%
1993 / France Languedoc-Roussillon
50%
2005 / Spain Almería
34%
2018 / Spain Tarragona
34%
2026 / Italy Taranto
32%
1987 / Syria Latakia
26%
2013 / Turkey Mersin
26%
2009 / Italy Pescara
21%
No matching quizzes found
Score Distribution
Percent of People with Each Score
Percentile by Number Answered
Your Score History
You have not taken this quiz since the last reset